| 000 | 01057cam a2200277 a 4500 | ||
|---|---|---|---|
| 001 | 4048762 | ||
| 005 | 20221014114843.0 | ||
| 008 | 990325s1999 ilua 000 0aeng | ||
| 010 | _a 99026420 | ||
| 020 | _a9781848855496 | ||
| 040 |
_aDLC _cDLC _dDLC |
||
| 042 | _apcc | ||
| 043 | _ae-it--- | ||
| 050 | 0 | 0 |
_aDG427 _b.H87 1999 |
| 082 | 0 | 0 |
_a914.50484 _bHOW |
| 100 | 1 |
_aHowells, William Dean, _d1837-1920. _9100307 |
|
| 245 | 1 | 0 |
_aItalian journeys: from venice to naples and beyond / _cby W.D. Howells |
| 260 |
_aLondon : _bTauris Parke, _c2011. |
||
| 300 |
_a259 p. ; _c20 cm. |
||
| 600 | 1 | 0 |
_aHowells, William Dean, _d1837-1920 _xTravel _zItaly. _9100308 |
| 650 | 0 |
_aAuthors, American _y19th century _vBiography. _9100309 |
|
| 651 | 0 |
_aItaly _xDescription and travel. _9100310 |
|
| 906 |
_a7 _bcbc _corignew _d1 _eocip _f19 _gy-gencatlg |
||
| 942 |
_2ddc _cBK |
||
| 999 |
_c591815 _d591815 |
||